Diccionario Jeográfico de Chile
Guardat en:
| Autors principals: | , , |
|---|---|
| Format: | Llibre |
| Idioma: | espanyol |
| Publicat: |
Santiago
Imprenta Universitaria
1924
|
| Edició: | 1a. ed |
| Matèries: | |
| Etiquetes: |
Afegir etiqueta
Sense etiquetes, Sigues el primer a etiquetar aquest registre!
|
MARC
| LEADER | 00000nam a2200000 a 4500 | ||
|---|---|---|---|
| 001 | UCJ3174 | ||
| 003 | CL-VaPUC | ||
| 008 | 070124e19240900CL |||||||||||||||||spa|d | ||
| 082 | 0 | 4 | |a 918.3 |b RIS |2 21 |
| 100 | 0 | |a Riso Patrón Sánchez, Luis |e author |9 504784 | |
| 700 | 0 | |a Risopatrón Sánchez, Luis |e author |9 504785 | |
| 700 | 0 | |a Risopatrón Escudero, Francisco |e author |9 504786 | |
| 245 | 1 | 0 | |a Diccionario Jeográfico de Chile |
| 246 | 1 | 0 | |a Diccionario Geográfico de Chile |
| 250 | |a 1a. ed | ||
| 300 | |a xxiv, 958 p | ||
| 942 | |c BK | ||
| 945 | |d 20070124 00:00:00 |a rinostro | ||
| 260 | |a Santiago |b Imprenta Universitaria |c 1924 | ||
| 500 | |a Advierte errata.- En la parte introductoria incluye además de un resumen general de la geografía del país, una bibliografía que alcanza a los 168 títulos.- La copia 1 constituye una fotocopia que es la que debe circular.- En estricta justicia, este interesante Diccionario es obra de Don Francisco Risopatrón Escudero, quien no alcanzó a publicarlo en vida; lo hizo su hijo Luis Risopatrón Sánchez. Originalmente, y así figura en la portada, el apellido se escribía Riso Patrón, separado; se han conservado ambas versiones para facilitar el acceso ya sea por una u otra versión | ||
| 650 | 0 | |a Geografía |9 259346 | |
| 650 | 7 | |a DICCIONARIO |2 CL-VaPUC |9 504787 | |
| 650 | 7 | |a TOPONIMIA CHILENA |2 CL-VaPUC |9 504788 | |
| 650 | 0 | |a Geología |9 260984 | |
| 650 | 0 | |a Sismología |9 268106 | |
| 650 | 7 | |a FLORA |2 CL-VaPUC |9 264745 | |
| 650 | 7 | |a FAUNA |2 CL-VaPUC |9 349523 | |
| 650 | 7 | |a DIVISION POLITICA |2 CL-VaPUC |9 469494 | |
| 650 | 7 | |a HIDROGRAFIA |2 CL-VaPUC |9 261115 | |
| 650 | 0 | |a Clima |9 265281 | |
| 650 | 0 | |a Etnografía |9 309735 | |
| 650 | 7 | |a BIBLIOGRAFIA |2 CL-VaPUC |9 256175 | |
| 651 | 7 | |a CHILE |2 CL-VaPUC |9 504789 | |
| 583 | |a last modification |c 20070124 00:00:00 |k Rodrigo Vera | ||
| 999 | |c 319296 |d 319294 | ||
| 952 | |0 0 |1 0 |4 0 |6 918_300000000000000_RIS_1924 |7 0 |8 X |9 397584 |a FDOBUD |b FDOBUD |d 2019-11-22 |i 1000462 |o 918.3 RIS 1924 |p 1000462 |r 2019-11-22 |w 2019-11-22 |y BK_X |k BUD | ||
| 952 | |0 0 |1 0 |4 0 |6 918_300000000000000_RIS_1924 |7 0 |8 X |9 397585 |a FDOBUD |b FDOBUD |d 2019-11-22 |i 1000470 |o 918.3 RIS 1924 |p 1000470 |r 2019-11-22 |w 2019-11-22 |y BK_X |k BUD | ||
| 952 | |0 0 |1 0 |4 0 |6 918_300000000000000_RIS_1924 |7 0 |8 X |9 397586 |a FDOBUD |b FDOBUD |d 2019-11-22 |i 4523563 |o 918.3 RIS 1924 |p 4523563 |r 2019-11-22 |w 2019-11-22 |y BK_X |k BUD | ||